Catálogo

FINANCIAL MARKETS AND CORPORATE STRATEGY (Registro nro. 56186)

Detalles MARC
000 -LEADER
fixed length control field 01065nam a2200205 a 4500
001 - CONTROL NUMBER
control field 56186
005 - DATE AND TIME OF LATEST TRANSACTION
control field 20180714051826.0
008 - FIXED-LENGTH DATA ELEMENTS--GENERAL INFORMATION
fixed length control field 140415s2008 xxk 000 0 spa d
020 ## - INTERNATIONAL STANDARD BOOK NUMBER
International Standard Book Number 9780077119027
041 ## - LANGUAGE CODE
Language code of text/sound track or separate title spa
082 ## - DEWEY DECIMAL CLASSIFICATION NUMBER
Classification number 658.15
Item number HIL
100 1# - MAIN ENTRY--PERSONAL NAME
Personal name HILLIER, DAVID
245 10 - TITLE STATEMENT
Title FINANCIAL MARKETS AND CORPORATE STRATEGY
250 ## - EDITION STATEMENT
Edition statement 1a ed.
260 ## - PUBLICATION, DISTRIBUTION, ETC.
Place of publication, distribution, etc. GRAN BRETAÑA :
Name of publisher, distributor, etc. MCGRAW-HILL EDUCATION,
Date of publication, distribution, etc. 2008
300 ## - PHYSICAL DESCRIPTION
Extent 914
Dimensions 19.5 x 3.3 x 26.2
520 ## - SUMMARY, ETC.
Summary, etc. FINANCIAL MARKETS AND CORPORATE STRATEGY IS A WIDELY REGARDED TEXT WRITTEN BY LEADING FIGURES IN THE FIELD OF FINANCE. IT PROVIDES AUTHORITATIVE AND COMPREHENSIVE COVERAGE OF FINANCIAL MARKETS AND CORPORATE FINANCE THAT IS BOTH ACADEMIC AND PRACTICAL. THE ACCESSIBLE STYLE OF THE TEXT AND APPLICATION OF THEORY TO REAL MARKET SITUATIONS WILL FULLY EQUPO STUDENTS FOR THE CHALLENGES THEY WILL FACE IN TOTH STUDYING AND PRACTICING FINANACE
650 14 - SUBJECT ADDED ENTRY--TOPICAL TERM
Topical term or geographic name entry element ADMINISTRACION FINANCIERA
General subdivision CONTABILIDAD FINANCIERA
-- ESTADOS FINACIEROS
700 1# - ADDED ENTRY--PERSONAL NAME
Personal name GRINBLATT, MARK -TITMAN, SHERIDAN
Relator term coaut.
Existencias
Withdrawn status Lost status Source of classification or shelving scheme Damaged status Not for loan Collection code Home library Current library Shelving location Date acquired Source of acquisition Inventory number Total Checkouts Full call number Barcode Date last seen Price effective from Koha item type Date last checked out
    Dewey Decimal Classification     General Biblioteca Karol Wojtyla Biblioteca Karol Wojtyla Sala general 03/12/2013 Compra 151000000000000000020074   658.15 HIL 84670 05/01/2026 03/12/2013 Libro  
    Dewey Decimal Classification     General Biblioteca Karol Wojtyla Biblioteca Karol Wojtyla Sala general 03/12/2013 Compra 151000000000000000020072   658.15 HIL 84668 05/01/2026 03/12/2013 Libro 17/10/2014
    Dewey Decimal Classification     General Biblioteca Karol Wojtyla Biblioteca Karol Wojtyla Sala general 03/12/2013 Compra 151000000000000000020073   658.15 HIL 84669 05/01/2026 03/12/2013 Libro